Statistics for Computer Company Name Quiz 1 (Hard)

Click here to take the quiz!

General Stats

  • This quiz has been taken 13 times
  • The average score is 4 of 16

Answer Stats

Answer% Correct
AMD
92%
Framework
50%
Kingston
50%
Cyberpower
25%
Deep cool
25%
Imagination Technology
17%
Montech
17%
Arctic Cooling
8%
Asetek
8%
Biostar
8%
Broadcom
8%
Origin PC
8%
Powercolor
8%
Raijintek
8%
Sapphire Technology
8%
Silicon Motion
8%

Score Distribution

Percentile by Number Answered

Percent of People with Each Score

Your Score History

You have not taken this quiz